000
00322nam a22001337a 4500
008
170823b xxu||||| |||| 00| 0 eng d
020
_a
0387966633
041
_a
eng
080
_a
51
100
_a
38
101
_a
MAT
245
_a
HARMONIC ANALYSIS ON SYMMETRIC SPACES AND APPLICATIONS II
_c
TERRAS,A
942
_2
udc
_c
BK
999
_c
24700
_d
24700